000 004650000a22001690004500
003 MACL
005 20151222120650.0
008 151222b xxu||||| |||| 00| 0 eng d
040 _aMACL
_cMACL
041 _aEnglish
082 _a29455/BHA
100 _aPrabhupada, A C Bhaktivedanta Swami
_921763
245 _aSri Caitanya Caritamrta
_bVol 1
260 _bThe Bhaktivedanta book Trust
_c1975
_aAmerica
650 _aReligion
_921764
942 _cBK
_k294.55/BHA
_2ddc
999 _c40711
_d40711